[Event "ch-FRA Top 16 GpB"]
[Site "Vandoeuvre FRA"]
[Date "2005.02.04"]
[Round "1"]
[White "Edouard,R"]
[Black "Brunner,N"]
[Result "0-1"]
[WhiteElo "2221"]
[BlackElo "2288"]

1.e4 c5 2.Nf3 d6 3.d4 cxd4 4.Nxd4 Nf6 5.Nc3 a6 6.f3 e6 7.Be3 Nbd7 8.g4 h6
9.Qd2 b5 10.O-O-O Bb7 11.h4 b4 12.Nce2 d5 13.Ng3 dxe4 14.g5 hxg5 15.hxg5 Rxh1
16.Nxh1 Nd5 17.g6 Qf6 18.gxf7+ Qxf7 19.fxe4 Nxe3 20.Qxe3 e5 21.Ne2 Qxa2 22.Bh3 Nc5
23.Nf2 Qa1+ 24.Kd2 Rd8+ 25.Ke1 Rxd1+ 26.Nxd1 Qa5 27.Bf5 b3+ 28.c3 Qd8 29.Nf2 Qh4
30.Kf1 Be7 31.Ng3 Qg5 32.Qf3 g6 33.Bg4 Qc1+ 34.Nd1 a5 35.Ke1 Ba6 36.Ne2 Bh4+  0-1

[Event "FSGM February"]
[Site "Budapest HUN"]
[Date "2005.02.07"]
[Round "3"]
[White "Szabo,Kr"]
[Black "Berczes,D"]
[Result "1-0"]
[WhiteElo "2376"]
[BlackElo "2313"]

1.e4 c5 2.Nf3 d6 3.d4 cxd4 4.Nxd4 Nf6 5.Nc3 a6 6.f3 e6 7.Be3 b5 8.Qd2 Nbd7
9.g4 h6 10.O-O-O Bb7 11.h4 b4 12.Na4 Qa5 13.b3 Nc5 14.a3 Nxa4 15.axb4 Qc7
16.bxa4 d5 17.e5 Nd7 18.f4 Nb6 19.Rh3 Nxa4 20.Bf2 h5 21.f5 Rc8 22.fxe6 Nc3
23.exf7+ Kxf7 24.Rf3+ Kg8 25.Ne6 Qxe5 26.Nxf8 Ne4 27.Qd4 Qxd4 28.Bxd4 Rxf8
29.Rxf8+ Kxf8 30.g5 Kf7 31.Be2 Kg6 32.Rf1 Re8 33.Kb2 Bc8 34.Bd3 Bb7 35.Rf4 Re7
36.Ka3 Rf7 37.Rxf7 Kxf7 38.Ka4 g6 39.Ka5 Ke6 40.Kb6 Bc8 41.Kc7 Bd7 42.Bxa6 Nd6
43.Bc5 Nf5 44.Bf2 Nd6 45.Bd3 Ne4 46.Be1 Ba4 47.b5  1-0

[Event "Bundesliga 2004-5"]
[Site "Eppingen GER"]
[Date "2005.02.12"]
[Round "10"]
[White "Acs,P"]
[Black "Sedlak,N"]
[Result "1/2-1/2"]
[WhiteElo "2521"]
[BlackElo "2521"]

1.e4 c5 2.Nf3 d6 3.d4 cxd4 4.Nxd4 Nf6 5.Nc3 a6 6.f3 e6 7.Be3 b5 8.Qd2 Nbd7
9.g4 Nb6 10.Qf2 Nfd7 11.O-O-O Bb7 12.Bd3 Rc8 13.Nce2 Nc5 14.Kb1 Nba4 15.Bc1 Qc7
16.Ng3 d5 17.e5 Qxe5 18.Rhe1 Qc7 19.Nh5 Qb6 20.Qe3 Nd7 21.Bf5 g6 22.Bxe6 fxe6
23.Qf4 Nac5 24.Nf6+ Kd8 25.Nxd7 Kxd7 26.Qf7+ Be7 27.b4 Rcf8 28.bxc5 Rxf7
29.cxb6 Bc5 30.Nxe6 Bxb6 31.Ng5 Re7 32.Rxe7+ Kxe7 33.Bb2 d4 34.Re1+ Kd7 35.f4 Rf8
36.Ba3 b4 37.Bxb4 Rxf4 38.Re7+ Kc8 39.Re8+ Kd7 40.Re7+ Kc8 41.Re8+ Kd7 42.Re6 Rf1+
43.Kb2 Bd8 44.Rd6+ Kc8  1/2-1/2

[Event "XI Open"]
[Site "Coria del Rio BRA"]
[Date "2005.02.16"]
[Round "7"]
[White "Teran Alvarez,I"]
[Black "Cheparinov,I"]
[Result "0-1"]
[WhiteElo "2422"]
[BlackElo "2572"]

1.e4 c5 2.Nf3 d6 3.d4 cxd4 4.Nxd4 Nf6 5.Nc3 a6 6.f3 e5 7.Nb3 Be6 8.Be3 h5
9.Qd2 Nbd7 10.O-O-O Be7 11.Kb1 Rc8 12.h3 b5 13.Nd5 Bxd5 14.exd5 Nb6 15.Bxb6 Qxb6
16.Bd3 h4 17.Rhe1 Nh5 18.Re4 Kf8 19.Bf1 Ng3 20.Rb4 Qc7 21.Bd3 Qd8 22.a4 Bg5
23.Qf2 g6 24.axb5 axb5 25.Rxb5 Kg7 26.Rb7 Qf6 27.Qb6 Ra8 28.Rd7 Rhd8 29.Rxd8 Rxd8
30.Na5 Qf4 31.Nc4 Qf6 32.c3 Nh5 33.Kc2 Nf4 34.Bf1 Kh7 35.b4 Bh6 36.Qc7 Bg7
37.Ne3 Ra8 38.Kb3 e4 39.fxe4 Qe5 40.Rd4 Qe8 41.Qc6 Bxd4 42.cxd4 Qb8 43.Qd7 Ra7
44.Qc6 Ra1 45.Bb5 Qa7 46.Nc2 Qa2+ 47.Kc3 Rc1 48.Kd2 Rg1 49.Ba4 Qb2  0-1

[Event "Aeroflot Open B"]
[Site "Moscow RUS"]
[Date "2005.02.16"]
[Round "2"]
[White "Potkin,V"]
[Black "Kanep,M"]
[Result "1-0"]
[WhiteElo "2546"]
[BlackElo "2476"]

1.e4 c5 2.Nf3 d6 3.d4 cxd4 4.Nxd4 Nf6 5.Nc3 a6 6.f3 b5 7.Nd5 e6 8.Nxf6+ gxf6
9.c4 f5 10.exf5 Bg7 11.Be3 O-O 12.fxe6 fxe6 13.cxb5 axb5 14.Be2 e5 15.Nxb5 d5
16.O-O d4 17.Bf2 Be6 18.a4 Na6 19.Rc1 Kh8 20.Rc6 Bd7 21.Rc4 Be6 22.Rc6 Bd7
23.Rd6 Qe7 24.Bh4 Qxh4 25.Rxd7 Nc5 26.Rd5 Nxa4 27.Nc7 Ra7 28.Ne6 Rg8 29.Nxg7 Raxg7
30.Rf2 Nxb2 31.Qb3 d3 32.Bf1 Qc4 33.Qxc4 Nxc4 34.Rxd3 Re7 35.Rc2 e4 36.Rdc3 Nd6
37.f4 Nf5 38.Re2 Nd4 39.Re1 Rf8 40.g3 Rfe8 41.Bg2 e3 42.Rd3 Nc2 43.Re2 Ra7
44.Bc6 Ra1+ 45.Kg2 Re6 46.Bd5 Re7 47.Kh3 Ra3 48.Bb3 Na1 49.Rd8+ Kg7 50.Bd5 Rd3
51.Ra2 h6 52.Rg8+ Kh7 53.Bc4 Rd4 54.Rc8 Nb3 55.Re2 Nd2 56.Ba2 Rd3 57.f5 Kg7
58.Rc6 Re5 59.f6+ Kg6 60.f7+ Kg7  1-0

[Event "III Festival Olimpico"]
[Site "Salinas ECU"]
[Date "2005.02.19"]
[Round "4"]
[White "Fierro Baquero,M"]
[Black "Ricaurte Lopez,J"]
[Result "1/2-1/2"]
[WhiteElo "2330"]
[BlackElo "2333"]

1.e4 c5 2.Nf3 d6 3.d4 cxd4 4.Nxd4 Nf6 5.Nc3 a6 6.f3 e6 7.Be3 b5 8.Qd2 Bb7
9.O-O-O Nbd7 10.g4 h6 11.h4 Nb6 12.Qf2 Nfd7 13.Bd3 Rc8 14.Nce2 g6 15.Kb1 Nc4
16.Bc1 Qb6 17.Rhf1 e5 18.Nb3 Qxf2 19.Rxf2 Be7 20.h5 gxh5 21.gxh5 Rg8 22.Bxh6 Rh8
23.Bc1 Rxh5 24.Ng3 Rh3 25.Nf5 Ndb6 26.Rg1 Kd7 27.Rg7 Ke6 28.Nd2 Bf6 29.Rg1 Rch8
30.b3 Nxd2+ 31.Bxd2 Rh1 32.Rff1 Rxg1 33.Rxg1 d5 34.Kb2 Rh3 35.Ng3 d4 36.Bf1 Rh2
37.Rg2 Rh8 38.Nf5 Nc8 39.a4 Bc6 40.Rg3 Ne7 41.Bh3 Nxf5 42.Bxf5+ Kd6 43.Bb4+ Kc7
44.axb5 Bxb5 45.Rh3 Rxh3 46.Bxh3  1/2-1/2

[Event "Aeroflot Open B"]
[Site "Moscow RUS"]
[Date "2005.02.20"]
[Round "6"]
[White "Potkin,V"]
[Black "Yegiazarian,A"]
[Result "1/2-1/2"]
[WhiteElo "2546"]
[BlackElo "2510"]

1.e4 c5 2.Nf3 d6 3.d4 cxd4 4.Nxd4 Nf6 5.Nc3 a6 6.f3 e5 7.Nb3 Be6 8.Be3 Be7
9.Qd2 O-O 10.O-O-O Nbd7 11.g4 b5 12.g5 b4 13.Ne2 Ne8 14.Kb1 a5 15.f4 a4 16.Nbc1 exf4
17.Nxf4 Bxg5 18.Nxe6 Bxe3 19.Nxd8 Bxd2 20.Rxd2 Rxd8 21.Rd4 Nc5 22.Rxb4 Nf6
23.Bg2 Rb8  1/2-1/2

[Event "Aeroflot Open B"]
[Site "Moscow RUS"]
[Date "2005.02.21"]
[Round "7"]
[White "Vorobiov,E"]
[Black "Magalashvili,D"]
[Result "1/2-1/2"]
[WhiteElo "2529"]
[BlackElo "2423"]

1.e4 c5 2.Nf3 d6 3.d4 cxd4 4.Nxd4 Nf6 5.Nc3 a6 6.f3 e5 7.Nb3 Be6 8.Be3 Be7
9.Qd2 O-O 10.O-O-O Nbd7 11.g4 b5 12.g5 b4 13.Ne2 Ne8 14.f4 a5 15.f5 a4 16.Nbd4 exd4
17.Nxd4 b3 18.Kb1 bxc2+ 19.Nxc2 Bb3 20.axb3 axb3 21.Na3 Ne5 22.h4 Qb8 23.Rh3 Ra4
24.Bd4  1/2-1/2

[Event "VIII Malaga Open"]
[Site "Campillos ESP"]
[Date "2005.02.22"]
[Round "5"]
[White "Korneev,O"]
[Black "Gavilan Diaz,M"]
[Result "1-0"]
[WhiteElo "2602"]
[BlackElo "2078"]

1.e4 c5 2.Nf3 d6 3.d4 cxd4 4.Nxd4 Nf6 5.Nc3 a6 6.Be3 Ng4 7.Bc1 Nf6 8.f3 e5
9.Nb3 Be6 10.Be3 Nbd7 11.Qd2 Be7 12.g4 h6 13.O-O-O b5 14.Kb1 Nb6 15.Qf2 Rb8
16.Nc5 Bc8 17.Nd3 Nc4 18.Ba7 Ra8 19.Nb4 Qc7 20.Be3 Be6 21.h4 Rc8 22.Bxc4 Qxc4
23.Ncd5 Bxd5 24.Nxd5 Nxd5 25.Rxd5 a5 26.b3 Qc6 27.Qe2 Rb8 28.a3 h5 29.g5 g6
30.f4 exf4 31.Bxf4 O-O 32.Rhd1 Rfe8 33.R1d4 Bf8 34.Bxd6 Bxd6 35.Rxd6 Qc5
36.Kb2 Rbc8 37.Qd3 Qe5 38.Rd5 Qh2 39.Rxb5 Qxh4 40.Rxa5 Qf2 41.Rd7 h4 42.Raa7 Rf8
43.e5 Rc6 44.Rac7 Rxc7 45.Rxc7 Qf4 46.Qc3 Qf5 47.e6 Qxe6 48.Rc4 f6 49.Rxh4 fxg5
50.Rh8+ Kf7 51.Qc7+  1-0

[Event "TCh-ISL 2004-5"]
[Site "Reykjavik ISL"]
[Date "2005.03.04"]
[Round "5"]
[White "Ptacnikova,L"]
[Black "Arnason,As"]
[Result "1-0"]
[WhiteElo "2280"]
[BlackElo "2242"]

1.e4 c5 2.Nf3 d6 3.d4 cxd4 4.Nxd4 Nf6 5.Nc3 a6 6.f3 e5 7.Nb3 h6 8.Be3 Be6
9.Qd2 Be7 10.O-O-O Qc7 11.g4 Nbd7 12.Kb1 Rc8 13.Qf2 b5 14.h4 b4 15.Nd5 Bxd5
16.exd5 Ra8 17.Bh3 g5 18.hxg5 hxg5 19.Qd2 Nb6 20.Bxg5 Nfxd5 21.Bxe7 Kxe7
22.Qg5+ Nf6 23.f4 Rag8 24.Qf5 Nc4 25.fxe5 Nxe5 26.g5 Nfd7 27.Rhe1 Kd8 28.Qf1 Re8
29.Bxd7 Kxd7 30.Qf5+ Ke7 31.Qf6+  1-0

[Event "TCh-ISL 2004-5"]
[Site "Reykjavik ISL"]
[Date "2005.03.05"]
[Round "6"]
[White "Ptacnikova,L"]
[Black "Bergsson,St"]
[Result "1-0"]
[WhiteElo "2280"]
[BlackElo "2163"]

1.e4 c5 2.Nf3 d6 3.d4 cxd4 4.Nxd4 Nf6 5.Nc3 a6 6.f3 e6 7.Be3 b5 8.Qd2 Nfd7
9.a4 bxa4 10.Nxa4 Be7 11.Be2 Bb7 12.c4 Nc6 13.O-O O-O 14.Rfd1 Qc7 15.b4 Nxd4
16.Bxd4 f5 17.exf5 Rxf5 18.Qe3 e5 19.Qd3 Rf7 20.Be3 Nf6 21.Qb3 e4 22.f4 Raf8
23.c5 d5 24.Nb6 Kh8 25.Bxa6 d4 26.Rxd4 Bxa6 27.Rxa6 Ng4 28.Nd5 Qb7 29.Ra3 g5
30.g3 Qb5 31.Rxe4 Qe2 32.Bd4+ Bf6 33.Bxf6+  1-0

[Event "ch-BLR"]
[Site "Minsk BLR"]
[Date "2005.03.06"]
[Round "3"]
[White "Fedorov,Alex"]
[Black "Tihonov,J"]
[Result "1/2-1/2"]
[WhiteElo "2603"]
[BlackElo "2454"]

1.e4 c5 2.Nf3 d6 3.d4 cxd4 4.Nxd4 Nf6 5.Nc3 a6 6.f3 e5 7.Nb3 Be6 8.Be3 h5
9.Be2 Nbd7 10.O-O Be7 11.a4 Qc7 12.a5 Qc6 13.Qd2 d5 14.exd5 Nxd5 15.Nxd5 Qxd5
16.f4 Qxd2 17.Nxd2 Rc8 18.c3 exf4 19.Bxf4 g5 20.Be3 g4 21.Bd3 h4 22.Bf5 Bxf5
23.Rxf5 Rc6 24.Bd4 Rhh6 25.Raf1 Nf6 26.b4 Re6 27.Nc4 Rg6 28.Ne5 Rh6 29.Rg5 g3
30.hxg3 hxg3 31.Rxg3 Rh5 32.Nc4 Rh4 33.Rg5 Rhe4 34.Nd2 Rg4 35.Rxg4 Nxg4 36.Nf3 Bd6
37.Re1 Kd7 38.Rxe6 Kxe6 39.Ng5+ Kd5 40.Nxf7 Bxb4 41.cxb4 Kxd4 42.Nd6 Kc3
43.b5 Kb4 44.bxa6  1/2-1/2

[Event "NWAPA Rector Cup"]
[Site "St Petersburg RUS"]
[Date "2005.03.06"]
[Round "3"]
[White "Melnikov,D"]
[Black "Doluhanova,E"]
[Result "1/2-1/2"]
[WhiteElo "2301"]
[BlackElo "2297"]

1.e4 c5 2.Nf3 d6 3.d4 cxd4 4.Nxd4 Nf6 5.Nc3 a6 6.f3 e5 7.Nb3 Be7 8.Be3 Be6
9.Qd2 h5 10.a4 Nbd7 11.a5 Rc8 12.Be2 Qc7 13.O-O h4 14.Rfd1 Bc4 15.Bxc4 Qxc4
16.Ra4 Qc7 17.Qe2 Qb8 18.Nd2 Nc5 19.Bxc5 Rxc5 20.Nc4 O-O 21.Qd3 Qc7 22.b3 Rd8
23.Raa1 d5 24.exd5 Nxd5 25.Nxd5 Rcxd5 26.Qxd5 Rxd5 27.Rxd5 Bc5+ 28.Kh1 Bd4
29.Rf1 Qc6 30.Rd6 Qb5 31.h3 Kh7 32.f4 f6 33.fxe5 fxe5 34.Rd8 Qb4 35.Rdf8 Qc3
36.Rc1 Qg3 37.Rf3 Qg5 38.Re1 e4 39.Rff1 e3 40.Re2 Ba7 41.Rfe1 Qb5 42.Nxe3 Qxa5
43.Nc4 Qc3 44.Re4 Bf2 45.Rf1 Qxc2 46.Rf4 Bg3 47.R4f3 b5 48.Ne3 Qxb3 49.Nf5 Qc4
50.Nxg3 hxg3 51.Rf4 Qe2 52.Rc1 a5 53.Rh4+ Kg8 54.Rg4 Qf2 55.Rd1 b4 56.Rd8+ Kf7
57.Rd7+ Kf8 58.Rd8+ Kf7 59.Rd7+  1/2-1/2

[Event "NWAPA Rector Cup"]
[Site "St Petersburg RUS"]
[Date "2005.03.09"]
[Round "8"]
[White "Doluhanova,E"]
[Black "Bodnaruk,A"]
[Result "1/2-1/2"]
[WhiteElo "2297"]
[BlackElo "2138"]

1.e4 c5 2.Nf3 d6 3.d4 cxd4 4.Nxd4 Nf6 5.Nc3 a6 6.f3 e5 7.Nb3 Be7 8.Be3 Be6
9.Qd2 O-O 10.O-O-O Qc7 11.g4 Rc8 12.g5 Nh5 13.Kb1 Nd7 14.Qf2 b5 15.Nd5 Bxd5
16.exd5 b4 17.Bh3 a5 18.Nc1 a4 19.Rd3 Nf4 20.Bxf4 exf4 21.Bxd7 Qxd7 22.h4 Rc4
23.Re1 Rac8 24.Rd4 f6 25.Rxc4 Rxc4 26.Qe2 Rc7 27.gxf6 Bxf6 28.h5 Qf7 29.Qb5 Re7
30.Rxe7 Bxe7 31.Qd7 a3 32.bxa3 bxa3 33.c4 Qf6 34.Qe6+ Qxe6 35.dxe6 Kf8 36.Nd3 Bg5
37.c5 dxc5 38.Nxc5 Ke7 39.Kc2 Bf6 40.Kb3 Bd4 41.Nd3 Be3 42.Kxa3 Kxe6 43.Kb4 Kd5
44.a4 Kd4 45.Nb2 g5 46.hxg6 hxg6 47.Nc4 Bf2 48.Kb3 Be1 49.a5 Bxa5 50.Nxa5 Ke3
51.Kc3 Kxf3 52.Kd2 Kg2 53.Nc4 g5 54.Ke1 g4 55.Ne5 Kg3 56.Kf1 Kh3 57.Nxg4 Kxg4
58.Kg2 f3+ 59.Kf1 Kf5 60.Kf2 Kf4 61.Kf1  1/2-1/2

[Event "NWAPA Rector Cup"]
[Site "St Petersburg RUS"]
[Date "2005.03.10"]
[Round "10"]
[White "Melnikov,D"]
[Black "Bodnaruk,A"]
[Result "1-0"]
[WhiteElo "2301"]
[BlackElo "2138"]

1.e4 c5 2.Nf3 d6 3.d4 cxd4 4.Nxd4 Nf6 5.Nc3 a6 6.f3 e5 7.Nb3 Be6 8.Be3 Be7
9.Qd2 O-O 10.O-O-O Qc7 11.g4 Rc8 12.g5 Nh5 13.Kb1 Nd7 14.Rg1 b5 15.Qf2 Rab8
16.Nd5 Bxd5 17.exd5 a5 18.Bh3 a4 19.Bxd7 Qxd7 20.Na5 b4 21.Nc6 Rxc6 22.dxc6 Qxc6
23.Bc1 d5 24.Qe2 Bd6 25.Qd3 Rb5 26.Ka1 Rc5 27.Kb1 g6 28.Bd2 Rb5 29.Rg4 Rb7
30.c4 bxc3 31.Qxc3 Qb5 32.Bc1 d4 33.Qd3 Qb6 34.Rg2 Ng7 35.Rc2 Ne6 36.Qc4 Nc5
37.Qd5 Kg7 38.h4 Rb8 39.Rg2 Rd8 40.Qc4 Rd7 41.f4 Rc7 42.Qd5 Qc6 43.Qxc6 Rxc6
44.fxe5 Bxe5 45.Re2 f6 46.gxf6+ Bxf6 47.Bg5 d3 48.Bxf6+ Kxf6 49.Rf1+ Kg7
50.Re7+ Kh6 51.Rff7 Kh5 52.Rxh7+ Kg4 53.Rc7 Re6 54.Rhe7 d2 55.Kc2 Rd6 56.Kd1 a3
57.Rxc5 axb2 58.Rb5 Kxh4 59.Rxb2 g5 60.Rxd2  1-0

[Event "Bundesliga 2004-5"]
[Site "Katernberg GER"]
[Date "2005.03.12"]
[Round "12"]
[White "Wegener,O"]
[Black "Schlosser,P"]
[Result "0-1"]
[WhiteElo "2417"]
[BlackElo "2570"]

1.e4 c5 2.Nf3 d6 3.d4 Nf6 4.Nc3 cxd4 5.Nxd4 a6 6.f3 b5 7.a4 b4 8.Nd5 Nxd5
9.exd5 Bb7 10.Bc4 Nd7 11.a5 Qc7 12.Qe2 Nf6 13.Bg5 Nxd5 14.Bb3 g6 15.Ba4+ Kd8
16.Rd1 Bg7 17.Bh4 Kc8 18.O-O e5 19.Nb3 Kb8 20.Bf2 Rc8 21.Qe1 Bf8 22.Nd2 Qxa5
23.Bb3 Qb5 24.Ne4 f5 25.c4 Rxc4 26.Bxc4 Qxc4 27.Ng5 h6 28.Ne6 Be7 29.Rc1 Qb5
30.Qd2 Qd7 31.Qxh6 Qxe6 32.Qh8+ Bc8 33.Rc6 Kb7 34.Rfc1 Bd7 35.Rc7+ Nxc7 36.Rxc7+ Kxc7
37.Qxa8 Bb5 38.Qa7+ Kc6 39.Qa8+ Kd7 40.Bb6 Qc4  0-1

[Event "ch-Privolzhsky Region"]
[Site "Ishevsk RUS"]
[Date "2005.03.19"]
[Round "4"]
[White "Vasenev,S"]
[Black "Pushin,V"]
[Result "1-0"]
[WhiteElo "2364"]
[BlackElo "2256"]

1.e4 c5 2.Nf3 d6 3.d4 cxd4 4.Nxd4 Nf6 5.Nc3 a6 6.f3 e6 7.Be3 b5 8.Qd2 Bb7
9.a4 b4 10.Na2 d5 11.e5 Nfd7 12.f4 Qa5 13.Nc1 Nc6 14.Ncb3 Qc7 15.a5 Nxd4
16.Nxd4 Nc5 17.Bd3 g6 18.O-O Be7 19.Qxb4 Nxd3 20.Qa4+ Bc6 21.Qxc6+ Qxc6 22.Nxc6 Nxb2
23.Rfb1 Nc4 24.Bf2 Ba3 25.Rb7 O-O 26.g4 Rfc8 27.Ne7+ Bxe7 28.Rxe7 Kf8 29.Rb7 Rcb8
30.Rc7 Rb2 31.f5 Re8 32.fxg6 hxg6 33.Rf1 Kg7 34.Bc5 Kh6 35.h4 Nxe5 36.Be3+ g5
37.Bxg5+ Kg6 38.Bf6 Rb4 39.h5+ Kh6 40.Bxe5 Rxg4+ 41.Kf2 Re4 42.Re1 f6 43.Rxe4 dxe4
44.Bd4 Kxh5 45.Ke3 e5 46.Bc3 Kg4 47.Kxe4 f5+ 48.Ke3 e4 49.Rg7+ Kh5 50.Kf4 Rc8
51.Kxf5  1-0

[Event "ch-Privolzhsky Region"]
[Site "Ishevsk RUS"]
[Date "2005.03.23"]
[Round "8"]
[White "Vasenev,S"]
[Black "Nozdrin,A"]
[Result "0-1"]
[WhiteElo "2364"]
[BlackElo "2185"]

1.e4 c5 2.Nf3 d6 3.d4 cxd4 4.Nxd4 Nf6 5.Nc3 a6 6.f3 e5 7.Nb3 Be6 8.Be3 Nc6
9.g4 Be7 10.Qd2 Rc8 11.g5 Nh5 12.Rg1 O-O 13.O-O-O Nb8 14.Qf2 Rxc3 15.Bb6 Bxg5+
16.Kb1 Bh4 17.Rg3 Bxg3 18.hxg3 Rc7 19.Qd2 Rxc2 20.Kxc2 Qxb6 21.g4 Nf4 22.Qxd6 Bxb3+
23.axb3 Qf2+ 24.Kc1 Qxf3 25.Qxe5 Qxf1  0-1

[Event "Open"]
[Site "Coventry ENG"]
[Date "2005.03.24"]
[Round "1"]
[White "Gwaze,R"]
[Black "Lappage,J"]
[Result "1-0"]
[WhiteElo "2402"]
[BlackElo "2173"]

1.e4 c5 2.Nf3 d6 3.d4 cxd4 4.Nxd4 Nf6 5.Nc3 a6 6.f3 Qb6 7.Nb3 e6 8.Qe2 Nc6
9.Be3 Qc7 10.g4 b5 11.O-O-O Ne5 12.g5 Nfd7 13.f4 Nc4 14.Bd4 Bb7 15.h4 Rc8
16.Bh3 Qc6 17.h5 b4 18.Nd5 Qb5 19.Rhe1 exd5 20.exd5+ Kd8 21.h6 Rg8 22.Qe8+ Kc7
23.Qxf7 Bxd5 24.Be6 Bxe6 25.Qxe6 Be7 26.Qxe7 gxh6 27.gxh6 Qf5 28.Qe4 Rcf8
29.Qxf5 Rxf5 30.Re7 Rxf4 31.Rxh7 Rg2 32.Rxd7+ Kxd7 33.h7 Rh4 34.h8=Q Rxh8
35.Bxh8 Ne3 36.Rh1 Rxc2+ 37.Kb1 Rc4 38.Nd4 Kc7 39.b3  1-0

[Event "Open"]
[Site "Coventry ENG"]
[Date "2005.03.25"]
[Round "3"]
[White "Chakanyuka,C"]
[Black "Britton,R"]
[Result "1-0"]
[WhiteElo "2129"]
[BlackElo "2309"]

1.e4 c5 2.Nf3 d6 3.d4 cxd4 4.Nxd4 Nf6 5.Nc3 a6 6.f3 e5 7.Nb3 Be6 8.Be3 Nbd7
9.Qd2 Rc8 10.g4 Nb6 11.O-O-O Be7 12.Kb1 O-O 13.h4 Nfd7 14.g5 Qc7 15.h5 f5
16.exf5 Bxf5 17.g6 Nf6 18.gxh7+ Kh8 19.h6 g6 20.Bd3 Nc4 21.Bxc4 Qxc4 22.Rh2 Kxh7
23.Bg5 Qe6 24.Re2 Qf7 25.Qe3 Rc6 26.Na5 Rc7 27.Bxf6 Bxf6 28.Rxd6 Be7 29.Qxe5 Bxd6
30.Qxd6 Rd7 31.Qe5 Rfd8 32.Nb3 b5 33.Re1 Rg8 34.Nc5 Rdd8 35.N5e4 Bxe4 36.Nxe4  1-0

[Event "Open"]
[Site "Coventry ENG"]
[Date "2005.03.25"]
[Round "3"]
[White "Dunn,Al"]
[Black "Hagesaether,H"]
[Result "1/2-1/2"]
[WhiteElo "2056"]
[BlackElo "2258"]

1.e4 c5 2.Nf3 d6 3.d4 Nf6 4.Nc3 cxd4 5.Nxd4 a6 6.f3 e5 7.Nb3 Be6 8.f4 exf4
9.Bxf4 Nc6 10.Qd2 Be7 11.O-O-O Ne5 12.Nd4 Qc7 13.Nf5 Bxf5 14.exf5 Rc8 15.Bg5 O-O
16.Bxf6 Bxf6 17.Nd5 Qd8 18.Kb1 Bg5 19.Qf2 Qa5 20.h4 Bd8 21.Qg3 Nd7 22.h5 h6
23.Qxd6 Nf6 24.Ne7+ Bxe7 25.Qxe7 Nd5 26.Qe1 Qc5 27.Bd3 Rfe8 28.Qd2 Ne3 29.Rde1 Nxf5
30.Rh3 Nd4 31.c3 Rxe1+ 32.Qxe1 Ne6 33.Bc2 Rd8 34.g4 Qg5 35.Bf5 Rd6 36.Re3 Qd8
37.Bc2 Qg5 38.Bf5 Qd8 39.Bc2 Qg5 40.Bf5  1/2-1/2

[Event "Dos Hermanas Internet KO"]
[Site "ICC INT"]
[Date "2005.03.26"]
[Round "1.1"]
[White "Panarin,M"]
[Black "Bu Xiangzhi"]
[Result "0-1"]
[WhiteElo "2475"]
[BlackElo "2607"]

1.e4 c5 2.Nf3 d6 3.d4 cxd4 4.Nxd4 Nf6 5.Nc3 a6 6.f3 e5 7.Nb3 Be6 8.Be3 Be7
9.Qd2 Nbd7 10.g4 b5 11.g5 b4 12.Ne2 Nh5 13.O-O-O a5 14.Kb1 a4 15.Nbc1 O-O
16.Ng3 Nf4 17.h4 Qc7 18.Nf5 Bxf5 19.exf5 Rfc8 20.Bxf4 exf4 21.Bh3 f6 22.Bf1 Ne5
23.g6 Nxf3 24.gxh7+ Kxh7 25.Qxf4 Qxc2+ 26.Ka1 a3  0-1

[Event "Open"]
[Site "Coventry ENG"]
[Date "2005.03.27"]
[Round "6"]
[White "Gwaze,R"]
[Black "Georgiev,Ki"]
[Result "0-1"]
[WhiteElo "2402"]
[BlackElo "2654"]

1.e4 c5 2.Nf3 d6 3.d4 cxd4 4.Nxd4 Nf6 5.Nc3 a6 6.f3 e5 7.Nb3 Be6 8.Be3 Nbd7
9.g4 Nb6 10.g5 Nh5 11.Qd2 Rc8 12.O-O-O Be7 13.Kb1 O-O 14.Rg1 Qc7 15.Nd5 Nxd5
16.exd5 Bf5 17.Bd3 Qd7 18.Rdf1 Bg6 19.f4 exf4 20.Bxf4 Qh3 21.Bg3 Bxd3 22.Qxd3 g6
23.Rf3 Qd7 24.Bf2 f6 25.gxf6 Rxf6 26.Nd4 Rxf3 27.Qxf3 Rf8 28.Qe3 Ng7 29.Ne6 Nxe6
30.dxe6 Qb5 31.b3 Qe5 32.Qxe5 dxe5 33.Bg3 Rf6 34.Re1 Rxe6 35.Rxe5 Rxe5 36.Bxe5 Kf7
37.c4 Ke6 38.Bg3 g5 39.Kc2 h5 40.Kd3 h4 41.Bc7 Kf5 42.h3 g4 43.hxg4+ Kxg4
44.Ke2 Bc5 45.Be5 Kf5 46.Bc7 Ke4 47.Bh2 h3 48.Bg3 Bg1 49.Kf1 Bd4 50.Ke2 Be5
51.Bxe5 Kxe5 52.Kf3 Kd4 53.Kg3 Kc3 54.Kxh3 Kb2 55.b4 Kxa2 56.b5 axb5 57.cxb5 b6
58.Kg3 Kb3 59.Kf3 Kb4  0-1

[Event "Open"]
[Site "Coventry ENG"]
[Date "2005.03.28"]
[Round "9"]
[White "Dunn,Al"]
[Black "Britton,R"]
[Result "1/2-1/2"]
[WhiteElo "2056"]
[BlackElo "2309"]

1.e4 c5 2.Nf3 d6 3.d4 cxd4 4.Nxd4 Nf6 5.Nc3 a6 6.f3 e5 7.Nb3 Be6 8.f4 exf4
9.Bxf4 Nc6 10.Qd2 Qc7 11.O-O-O Ne5 12.Nd4 Be7 13.Nf5 Bxf5 14.exf5  1/2-1/2

[Event "ch-FRA Top 16 GpA"]
[Site "Noyon FRA"]
[Date "2005.03.31"]
[Round "4"]
[White "Hamdouchi,H"]
[Black "Rowson,J"]
[Result "0-1"]
[WhiteElo "2555"]
[BlackElo "2572"]

1.e4 c5 2.Nf3 d6 3.d4 Nf6 4.Nc3 cxd4 5.Nxd4 a6 6.Be3 Ng4 7.Bc1 Nf6 8.f3 e6
9.Be3 h5 10.Bc4 Qc7 11.Qe2 b5 12.Bb3 Nbd7 13.a3 Nc5 14.Ba2 Be7 15.O-O Rb8
16.Qe1 Na4 17.Nxa4 bxa4 18.b4 axb3 19.cxb3 Qb7 20.b4 Bd7 21.Kh1 h4 22.Bg5 h3
23.g4 Rc8 24.Rc1 Rxc1 25.Bxc1 g6 26.g5 Nh5 27.Rg1 O-O 28.Qh4 Bd8 29.Ne2 Qb5
30.Nf4 Nxf4 31.Qxf4 Qe2 32.Bb3 Bb6 33.Bd1 Qf2 34.Qg3 Rc8 35.Qxf2 Bxf2 36.Bd2 Bb5
37.a4 Bd3 38.Rg4 e5 39.Bb3 Be2  0-1

[Event "ch-FRA Top 16 GpA"]
[Site "Noyon FRA"]
[Date "2005.03.31"]
[Round "4"]
[White "Sanchez,Lo"]
[Black "Heinz,Ti"]
[Result "0-1"]
[WhiteElo "2291"]
[BlackElo "2198"]

1.e4 c5 2.Nc3 d6 3.Nf3 Nf6 4.d4 cxd4 5.Nxd4 a6 6.f3 e6 7.Be3 b5 8.Qd2 Nbd7
9.g4 Nb6 10.O-O-O Bb7 11.Bd3 Rc8 12.Qf2 Nfd7 13.Kb1 Rxc3 14.bxc3 Qc7 15.Ne2 Be7
16.g5 O-O 17.h4 d5 18.e5 Na4 19.g6 h6 20.Qe1 Nxe5 21.Bf4 Bd6 22.Qg3 f6 23.Qh3 Re8
24.Bd2 Nc4 25.Bxc4 Qxc4 26.Nc1 Be5 27.f4 Nxc3+ 28.Bxc3 Bxc3 29.Qd3 Qb4+ 30.Nb3 d4  0-1

[Event "2nd K41 Int"]
[Site "Copenhagen DEN"]
[Date "2005.04.03"]
[Round "2"]
[White "Skovgaard,P2"]
[Black "Bekker Jensen,S"]
[Result "0-1"]
[WhiteElo "2174"]
[BlackElo "2379"]

1.e4 c5 2.Nf3 d6 3.d4 Nf6 4.Nc3 cxd4 5.Nxd4 a6 6.f3 e5 7.Nb3 Be6 8.Be3 Be7
9.Qd2 O-O 10.O-O-O Nbd7 11.g4 b5 12.g5 b4 13.Ne2 Ne8 14.Ng3 a5 15.Kb1 Nc7
16.f4 a4 17.f5 axb3 18.cxb3 d5 19.fxe6 fxe6 20.Bc4 d4 21.Nf5 Bc5 22.Nxd4 exd4
23.Bxd4 Qe7 24.Bxg7 Kxg7 25.Qxd7 Rad8 26.Qc6 Bd4 27.Rhf1 Rd6 28.Qa4 Rxf1
29.Bxf1 Be5 30.Bd3 Rd4 31.Qc6 Bxh2 32.e5 Qd7 33.Qf3 Bxe5 34.Qh3 Kg8 35.g6 hxg6
36.Qe3 Bg7 37.Qg3 Qd6 38.Qxg6 Qh2 39.Rg1 Rd7 40.Bc2 Qe5 41.Qh7+ Kf8 42.Rf1+ Rf7
43.Rxf7+ Kxf7 44.Bg6+ Kf8 45.Kc2 Qe2+ 46.Kc1 Bxb2+ 47.Kb1 Bg7 48.Kc1 Nd5  0-1

[Event "7th Open"]
[Site "Dubai UAE"]
[Date "2005.04.04"]
[Round "1"]
[White "Aswin,J"]
[Black "Wu Wenjin"]
[Result "0-1"]
[WhiteElo "2213"]
[BlackElo "2535"]

1.e4 c5 2.Nf3 d6 3.d4 cxd4 4.Nxd4 Nf6 5.Nc3 a6 6.f3 Qb6 7.Nb3 e6 8.Qe2 Qc7
9.Be3 b5 10.Qf2 Nbd7 11.O-O-O Bb7 12.Bd3 Rc8 13.g4 b4 14.Ne2 d5 15.exd5 Nxd5
16.Kb1 Nxe3 17.Qxe3 Nc5 18.Ned4 Nxd3 19.Qxd3 Be7 20.h4 O-O 21.g5 Rfd8 22.Qe2 Qc4
23.Rd3 Bd5 24.Rg1 a5 25.h5 a4 26.Nc1 Qc7 27.g6 Bf6 28.Qf2 fxg6 29.hxg6 Qc5
30.gxh7+ Kh8 31.Qd2 Bxd4 32.Rxd4 Qxd4 33.Qxd4 Bxa2+ 34.Nxa2 Rxd4 35.c3 bxc3
36.Nxc3 Rcc4 37.Re1 Rd2 38.Kc1 Rf2 39.Rxe6 a3  0-1

[Event "2nd Magistral"]
[Site "Carilo ESP"]
[Date "2005.04.07"]
[Round "4"]
[White "Da Silva,A"]
[Black "El Debs,F"]
[Result "1/2-1/2"]
[WhiteElo "2203"]
[BlackElo "2341"]

1.e4 c5 2.Nf3 d6 3.d4 cxd4 4.Nxd4 Nf6 5.Nc3 a6 6.f3 e6 7.Be3 Nbd7 8.Qd2 b5
9.g4 h6 10.O-O-O Bb7 11.h4 b4 12.Na4 Qa5 13.b3 Rc8 14.a3 d5 15.e5 Nxe5 16.Nxe6 fxe6
17.Bb6 Qxa4 18.bxa4 b3 19.Bd3 Bxa3+ 20.Kb1 Nxd3 21.cxd3 Rc2 22.Qe3 Rb2+  1/2-1/2

[Event "7th UI&UL GM"]
[Site "Dhaka BAN"]
[Date "2005.04.07"]
[Round "3"]
[White "Saptarshi,R"]
[Black "Rahman,SM"]
[Result "1/2-1/2"]
[WhiteElo "2391"]
[BlackElo "2247"]

1.e4 c5 2.Nf3 d6 3.d4 cxd4 4.Nxd4 Nf6 5.f3 a6 6.Nc3 Qc7 7.Be3 Nbd7 8.g4 Nb6
9.Qd2 e6 10.g5 Nfd7 11.f4 Nc4 12.Bxc4 Qxc4 13.f5 Ne5 14.O-O-O Bd7 15.Bf4 O-O-O
16.Nb3 Be7 17.Qf2 Kb8 18.Rhg1 Qc7 19.Rd4 Rc8 20.Rgd1 Rhd8 21.f6 gxf6 22.gxf6 Bf8
23.h3 Nc4 24.Rxc4 Qxc4 25.Rxd6 Ka8 26.Rd2 Bc5 27.Nxc5 Qxc5 28.Bd6 Qg5 29.Kb1 Rg8
30.Rd1 Qa5 31.Bh2 Bc6 32.a3 Rcd8 33.Re1 Rd7 34.Ka2 Qd8 35.Bg1 b6 36.Re2 Kb7
37.Bh2 Rg5 38.Qf4 Rg6 39.Rf2 a5 40.Qe5 h6 41.h4 h5 42.a4  1/2-1/2

[Event "ch-RUS u18"]
[Site "Nojabrsk RUS"]
[Date "2005.04.09"]
[Round "4"]
[White "Musaev,M"]
[Black "Askarov,M"]
[Result "0-1"]
[WhiteElo "2192"]
[BlackElo "2455"]

1.e4 c5 2.Nf3 d6 3.d4 cxd4 4.Nxd4 Nf6 5.Nc3 a6 6.f3 Nc6 7.Be3 e6 8.Qd2 Be7
9.g4 Nxd4 10.Bxd4 O-O 11.O-O-O b5 12.g5 Nd7 13.h4 Bb7 14.Kb1 Rc8 15.Rg1 b4
16.Ne2 Ne5 17.Rg3 Qc7 18.Nc1 Ng6 19.Bd3 d5 20.Rg4 dxe4 21.Bxe4 Bxe4 22.Rxe4 Rfd8
23.Nd3 Nxh4 24.Rxh4 Bxg5 25.Qg2 f5 26.Rh5 h6 27.c3 e5 28.Nxe5 bxc3 29.bxc3 Rb8+
30.Kc2 Rxd4 31.Rxd4 Qxe5  0-1